LEADER 01966nam0 22003613i 450 001 SBL0020346 005 20251003044347.0 020 $aIT$b782313 100 $a20081114d1976 ||||0itac50 ba 101 | $aita 102 $ait 181 1$6z01$ai $bxxxe 182 1$6z01$an 200 1 $aˆLa ‰dittatura del proletariato$ela dottrina marxista-leninista dello Stato da teoria a legge$fUgo Scuotto$gin appendice la costituzione sovietica del 1918, La costituzione sovietica del 1924, La costituzione sovietica vigente del 1936 aggiornata fono al 1975, La costituzione cinese del 1975 210 $aNapoli$cFratelli Conte$d1976 215 $a286 p.$cill. $d24 cm. 606 $aStato$xConcezione marxista$2FIR$3CFIC028407$9E 606 $aDittatura del proletariato$2FIR$3CFIC034896$9E 676 $a320.1$9LO STATO$v23 676 $a335.43$9COMUNISMO (MARXISMO-LENINISMO)$v20 700 1$aScuotto$b, Ugo$3BVEV011072$4070$0105413 801 3$aIT$bIT-000000$c20081114 850 $aIT-BN0095 $aIT-AV0007 $aIT-NA0079 $aIT-AV0114 901 $bNAP BN$cMAGAZZINO $nmagazzini correnti divisi per anni 901 $bNAP BN$cB $nComprende volumi con collocazioni per formato catalogati prima del 1987. La consegna del doc. é effettuata dall'Uff. Distribuzione. 901 $bNAP AV$cSEZ. M $nSezione Moderna 901 $bNAP 01$cPOZZO LIB.$nVi sono collocati fondi di economia, periodici di ingegneria e scienze, periodici di economia e statistica e altri fondi comprendenti documenti di economia pervenuti in dono. 901 $bNAP VC$cST. GEOGR.$n$ 912 $aSBL0020346 950 0$aBiblioteca Centralizzata di Ateneo$c1 v.$d 01POZZO LIB.F. ASSANTE 607$e 0101 0060027325E VMA 1 v. (Precedente collocazione A 1042)$fB $h20220930$i20220930 977 $a 01$a AV$a BN$a VC 996 $aDittatura del proletariato$9654763 997 $aUNISANNIO